00483nam a22001337a 4500020001600000082000800016100002100024245010400045260003500149300003100184650003100215700004600246856005700292 qHard Cover. a200 aSiddiqui, Ayesha aDevelopment of Fault Progression Model for Utilization in Prognostic Techniques /cAyesha Siddiqui. aKarachi :bPNEC - NUST,c2013. avii, 58 p. : ill. ;c30cm. aMS-Electrical Engineering  aSupervisor: Dr. Syed Sajjad Haider Zaidi. uhttp://10.250.8.41:8080/xmlui/handle/123456789/20425